Evropská unie a integrační procesy od A až do Z výkladový slovník

Salvato in:
Dettagli Bibliografici
Autore principale: Zlý, Bohumír
Natura: Libro
Lingua:ceco
Pubblicazione: Ostrava MONTANEX 2001
Edizione:2. dopln. a aktualiz. vyd.
Soggetti:
Tags: Aggiungi Tag
Nessun Tag, puoi essere il primo ad aggiungerne!!

MARC

LEADER 00000nam a2200000 4500
001 c131480
005 20221124103051.9
020 |a 80-7225-045-0 
041 0 |a cze 
044 |a CZ 
245 1 0 |a Evropská unie a integrační procesy od A až do Z  |b výkladový slovník  |c Bohumír Zlý 
250 |a 2. dopln. a aktualiz. vyd. 
264 1 |a Ostrava  |b MONTANEX  |c 2001 
300 |a 117 s. 
610 2 0 |a integrácia ekonomická medzinárodná 
610 2 0 |a spolupráca hospodárska medzinárodná 
610 2 0 |a Európska únia 
100 1 |a Zlý, Bohumír